Stagewise use of mass media in adoption of BRRIdhan28 by the farmers of gazaria upazila under Munshiganj district / (Record no. 13508)
[ view plain ]
| 000 -LEADER | |
|---|---|
| fixed length control field | 01102nam a22002537a 4500 |
| 003 - CONTROL NUMBER IDENTIFIER | |
| control field | BD-DhSAU |
| 005 - DATE AND TIME OF LATEST TRANSACTION | |
| control field | 20190805113100.0 |
| 008 - FIXED-LENGTH DATA ELEMENTS--GENERAL INFORMATION | |
| fixed length control field | 160823b2014 bg ||||| |||| 001 0 eng d |
| 040 ## - CATALOGING SOURCE | |
| Original cataloging agency | BD-DhSAU |
| 082 ## - DEWEY DECIMAL CLASSIFICATION NUMBER | |
| Edition number | 22 |
| Classification number | 630.715 |
| Item number | Ak79 |
| 100 ## - MAIN ENTRY--PERSONAL NAME | |
| Personal name | Akter, Masuda |
| Relator term | Registration # 08-02760 |
| 245 ## - TITLE STATEMENT | |
| Title | Stagewise use of mass media in adoption of BRRIdhan28 by the farmers of gazaria upazila under Munshiganj district / |
| Remainder of title | MS thesis |
| 260 ## - PUBLICATION, DISTRIBUTION, ETC. (IMPRINT) | |
| Place of publication, distribution, etc. | Sher-e-Bangla Agricultural University : |
| Name of publisher, distributor, etc. | Department of Agricultural Extension & Information System, |
| Date of publication, distribution, etc. | 2014 |
| 300 ## - PHYSICAL DESCRIPTION | |
| Extent | 630.715 |
| Other physical details | ill. ; |
| Dimensions | 30 cm. |
| 500 ## - GENERAL NOTE | |
| General note | MS thesis of Department of Agricultural Extension & Information System, Faculty of Agriculture, Sher-e-Bangla Agricultural University, Dhaka, Bangladesh |
| 590 ## - Name of Cataloguer | |
| Name of Cataloger | Md. Sirajul Islam |
| 650 ## - SUBJECT ADDED ENTRY--TOPICAL TERM | |
| Topical term or geographic name as entry element | Extension |
| 650 ## - SUBJECT ADDED ENTRY--TOPICAL TERM | |
| Topical term or geographic name as entry element | BRRIdhan28 |
| 650 ## - SUBJECT ADDED ENTRY--TOPICAL TERM | |
| Topical term or geographic name as entry element | Farmers |
| 700 ## - ADDED ENTRY--PERSONAL NAME | |
| Personal name | Bhuiyan, Mohammad Hossain |
| Relator term | Supervisor |
| 700 ## - ADDED ENTRY--PERSONAL NAME | |
| Personal name | Hossain, Kh. Zulifikar |
| Fuller form of name | Co-Supervisor |
| 856 ## - ELECTRONIC LOCATION AND ACCESS | |
| Uniform Resource Identifier | <a href="http://archive.saulibrary.edu.bd:8080/xmlui/handle/123456789/2555">http://archive.saulibrary.edu.bd:8080/xmlui/handle/123456789/2555</a> |
| Link text | Online Access |
| 942 ## - ADDED ENTRY ELEMENTS (KOHA) | |
| Source of classification or shelving scheme | Dewey Decimal Classification |
| Koha item type | MS Level Thesis |
| Withdrawn status | Lost status | Source of classification or shelving scheme | Damaged status | Not for loan | Collection code | Home library | Branch Name | Shelving location | Date acquired | Total Checkouts | Full call number | Barcode | Date last seen | Price effective from | Koha item type |
|---|---|---|---|---|---|---|---|---|---|---|---|---|---|---|---|
| Dewey Decimal Classification | Not For Loan | Reference | SAU Library | SAU Library | Reference | 18/08/2016 | 630.715 Ak79 | 39680 | 23/08/2016 | 23/08/2016 | MS Level Thesis |
